000 00444nam a2200157Ia 4500
008 220216s9999 xx 000 0 und d
100 _aPazur Richard J
245 0 _aContinuous compressive stress relaxation of elastomers used in engine sealing applications
260 _bRubber World
_c2004
300 _a24-29
650 _aEngine sealing
650 _aStress relaxation
700 _aBielby Jon
700 _aDinges Urban
942 _cJS
999 _c56246
_d56246